[Event "blitzwomeanteam"]
[Site "?"]
[Date "2016.10.08"]
[Round "10.10"]
[White "Drozdova, Dina"]
[Black "Mkrtchian, Lilit"]
[Result "1-0"]
[LiveChessVersion "1.4.4"]
[BlackElo "2374"]
[WhiteElo "2241"]

1. d4 {[%clk 0:03:02]} Nf6 {[%clk 0:03:03]} 2. c4 {[%clk 0:03:03]} e6
{[%clk 0:03:04]} 3. Nf3 {[%clk 0:03:03]} b6 {[%clk 0:03:05]} 4. g3
{[%clk 0:03:05]} Ba6 {[%clk 0:03:05]} 5. Nbd2 {[%clk 0:03:00]} Bb7
{[%clk 0:02:47]} 6. Bg2 {[%clk 0:03:01]} c5 {[%clk 0:02:48]} 7. O-O
{[%clk 0:02:50]} cxd4 {[%clk 0:02:47]} 8. Nxd4 {[%clk 0:02:51]} Bxg2
{[%clk 0:02:47]} 9. Kxg2 {[%clk 0:02:52]} Qc7 {[%clk 0:02:32]} 10. b3
{[%clk 0:02:49]} a6 {[%clk 0:02:33]} 11. N2f3 {[%clk 0:02:49]} Be7
{[%clk 0:02:30]} 12. Bb2 {[%clk 0:02:49]} O-O {[%clk 0:02:30]} 13. Rc1
{[%clk 0:02:49]} d6 {[%clk 0:02:22]} 14. Qd3 {[%clk 0:02:46]} Nbd7
{[%clk 0:02:23]} 15. Rfd1 {[%clk 0:02:43]} Qb7 {[%clk 0:02:23]} 16. h3
{[%clk 0:02:32]} Rfe8 {[%clk 0:02:20]} 17. Qe3 {[%clk 0:02:14]} Bf8
{[%clk 0:02:13]} 18. a4 {[%clk 0:02:06]} Rac8 {[%clk 0:02:10]} 19. Kg1
{[%clk 0:01:48]} Nc5 {[%clk 0:02:05]} 20. Ba3 {[%clk 0:01:40]} Qd7
{[%clk 0:01:57]} 21. Nc2 {[%clk 0:01:27]} Qb7 {[%clk 0:01:55]} 22. Bb2
{[%clk 0:01:18]} Qe4 {[%clk 0:01:51]} 23. Bxf6 {[%clk 0:01:03]} Qxe3
{[%clk 0:01:49]} 24. Nxe3 {[%clk 0:01:04]} gxf6 {[%clk 0:01:50]} 25. Rb1
{[%clk 0:01:03]} f5 {[%clk 0:01:42]} 26. Nd2 {[%clk 0:00:46]} Bh6
{[%clk 0:01:39]} 27. f4 {[%clk 0:00:42]} Kf8 {[%clk 0:01:37]} 28. Kf2
{[%clk 0:00:42]} Ke7 {[%clk 0:01:39]} 29. Nc2 {[%clk 0:00:39]} Bg7
{[%clk 0:01:34]} 30. Kf3 {[%clk 0:00:40]} Rg8 {[%clk 0:01:32]} 31. g4
{[%clk 0:00:35]} Bc3 {[%clk 0:01:03]} 32. gxf5 {[%clk 0:00:32]} exf5
{[%clk 0:01:04]} 33. Ne3 {[%clk 0:00:30]} Ke6 {[%clk 0:00:54]} 34. Ndf1
{[%clk 0:00:22]} Bf6 {[%clk 0:00:34]} 35. Rd5 {[%clk 0:00:21]} Be7
{[%clk 0:00:19]} 36. Nxf5 {[%clk 0:00:21]} Bf8 {[%clk 0:00:20]} 37. N1e3
{[%clk 0:00:15]} Rg6 {[%clk 0:00:14]} 38. Nd4+ {[%clk 0:00:11]} Kd7
{[%clk 0:00:13]} 39. Ndf5 {[%clk 0:00:10]} Re8 {[%clk 0:00:12]} 40. b4
{[%clk 0:00:08]} Nxa4 {[%clk 0:00:12]} 41. Rb3 {[%clk 0:00:09]} Rb8
{[%clk 0:00:10]} 42. Nh4 {[%clk 0:00:07]} Re6 {[%clk 0:00:11]} 43. Nhf5
{[%clk 0:00:08]} Rg6 {[%clk 0:00:11]} 44. Nh4 {[%clk 0:00:09]} Re6
{[%clk 0:00:12]} 45. Nhf5 Rg6 46. Nh4 Re6 {[%clk 0:00:15]} 47. Nhf5 Rg6 48. Rbd3
{[%clk 0:00:14]} Rg1 {[%clk 0:00:10]} 49. Ra3 {[%clk 0:00:14]} b5
{[%clk 0:00:11]} 50. c5 {[%clk 0:00:15]} Rb1 {[%clk 0:00:07]} 51. Nxd6
{[%clk 0:00:15]} Kc6 {[%clk 0:00:05]} 52. Nxf7 {[%clk 0:00:13]} Rxb4
{[%clk 0:00:06]} 53. Ne5+ {[%clk 0:00:14]} Kb7 {[%clk 0:00:04]} 54. c6+
{[%clk 0:00:14]} Ka8 55. Rad3 1-0

[Event "blitzwomeanteam"]
[Site "?"]
[Date "2016.10.08"]
[Round "10.11"]
[White "Tomilova, Elena"]
[Black "Nechaeva, Marina"]
[Result "1-0"]
[LiveChessVersion "1.4.4"]
[BlackElo "2351"]
[WhiteElo "2223"]

1. d4 {[%clk 0:03:03]} Nf6 {[%clk 0:03:03]} 2. c4 {[%clk 0:03:04]} b6
{[%clk 0:03:04]} 3. Nc3 {[%clk 0:03:05]} Bb7 {[%clk 0:03:04]} 4. d5
{[%clk 0:03:03]} e6 {[%clk 0:03:04]} 5. e4 {[%clk 0:03:03]} Bb4 {[%clk 0:03:05]}
6. Bd3 {[%clk 0:03:00]} Bxc3+ {[%clk 0:03:05]} 7. bxc3 {[%clk 0:03:00]} d6
{[%clk 0:03:06]} 8. Nf3 {[%clk 0:02:46]} Nbd7 {[%clk 0:03:05]} 9. O-O
{[%clk 0:02:43]} e5 {[%clk 0:03:04]} 10. Be3 {[%clk 0:02:37]} O-O
{[%clk 0:03:03]} 11. Nd2 {[%clk 0:02:25]} Nc5 {[%clk 0:02:56]} 12. Bc2
{[%clk 0:02:26]} h6 {[%clk 0:02:47]} 13. f3 {[%clk 0:02:26]} Ba6 {[%clk 0:02:29]}
14. Qe2 {[%clk 0:02:17]} Nfd7 {[%clk 0:02:19]} 15. a4 {[%clk 0:02:08]} Qe7
{[%clk 0:02:16]} 16. a5 {[%clk 0:02:07]} Rfb8 {[%clk 0:01:59]} 17. Rfb1
{[%clk 0:01:49]} bxa5 {[%clk 0:01:52]} 18. Rxa5 {[%clk 0:01:31]} Rxb1+
{[%clk 0:01:52]} 19. Bxb1 {[%clk 0:01:31]} Rb8 {[%clk 0:01:49]} 20. Qd1
{[%clk 0:01:26]} Qd8 {[%clk 0:01:43]} 21. Bc2 {[%clk 0:01:25]} Qc8
{[%clk 0:01:41]} 22. Qa1 {[%clk 0:01:11]} Rb6 {[%clk 0:01:30]} 23. Ba4
{[%clk 0:01:02]} Nf6 {[%clk 0:00:54]} 24. Bb5 {[%clk 0:00:27]} Bxb5
{[%clk 0:00:21]} 25. cxb5 {[%clk 0:00:28]} Nfd7 {[%clk 0:00:19]} 26. c4
{[%clk 0:00:24]} f5 {[%clk 0:00:15]} 1-0

[Event "blitzwomeanteam"]
[Site "?"]
[Date "2016.10.08"]
[Round "10.12"]
[White "Baraeva, Marina"]
[Black "Kovanova, Baira"]
[Result "1/2-1/2"]
[LiveChessVersion "1.4.4"]
[BlackElo "2282"]
[WhiteElo "2170"]

1. d4 {[%clk 0:03:01]} Nf6 {[%clk 0:03:03]} 2. c4 {[%clk 0:03:02]} e6
{[%clk 0:03:05]} 3. Nc3 {[%clk 0:03:04]} Bb4 {[%clk 0:03:05]} 4. Qc2
{[%clk 0:03:05]} O-O {[%clk 0:03:03]} 5. a3 {[%clk 0:03:06]} Bxc3+
{[%clk 0:03:03]} 6. Qxc3 {[%clk 0:03:07]} d6 {[%clk 0:03:04]} 7. Bg5
{[%clk 0:03:05]} Nbd7 {[%clk 0:03:05]} 8. Nf3 {[%clk 0:03:02]} Qe7
{[%clk 0:03:06]} 9. e3 {[%clk 0:03:00]} e5 {[%clk 0:03:05]} 10. dxe5
{[%clk 0:02:51]} dxe5 {[%clk 0:03:05]} 11. Be2 {[%clk 0:02:31]} Re8
{[%clk 0:03:05]} 12. O-O {[%clk 0:02:30]} Ne4 {[%clk 0:02:12]} 13. Bxe7
{[%clk 0:02:19]} Nxc3 {[%clk 0:02:13]} 14. bxc3 {[%clk 0:02:19]} Rxe7
{[%clk 0:02:14]} 15. Rfd1 {[%clk 0:02:04]} Re8 {[%clk 0:02:14]} 16. a4
{[%clk 0:01:53]} c6 {[%clk 0:01:55]} 17. a5 {[%clk 0:01:50]} e4 {[%clk 0:01:48]}
18. Nd4 {[%clk 0:01:48]} Nc5 {[%clk 0:01:47]} 19. Rdb1 {[%clk 0:01:34]} g6
{[%clk 0:01:13]} 20. Nb3 {[%clk 0:01:32]} Na6 {[%clk 0:01:06]} 21. c5
{[%clk 0:01:30]} Nc7 {[%clk 0:00:55]} 22. Nd4 {[%clk 0:01:29]} Re5
{[%clk 0:00:53]} 23. a6 {[%clk 0:01:21]} Nxa6 {[%clk 0:00:40]} 24. Bxa6
{[%clk 0:01:15]} bxa6 {[%clk 0:00:41]} 25. Nxc6 {[%clk 0:01:15]} Rxc5
{[%clk 0:00:42]} 26. Ne7+ {[%clk 0:01:12]} Kf8 {[%clk 0:00:38]} 27. Nxc8
{[%clk 0:01:13]} Raxc8 {[%clk 0:00:37]} 28. Rxa6 Rxc3 {[%clk 0:00:33]} 29. Raa1
{[%clk 0:00:39]} R8c7 {[%clk 0:00:31]} 30. h4 {[%clk 0:00:36]} Rc2
{[%clk 0:00:30]} 31. g3 {[%clk 0:00:35]} Kg7 {[%clk 0:00:29]} 32. Kg2
{[%clk 0:00:36]} Rd2 {[%clk 0:00:27]} 33. Ra4 {[%clk 0:00:37]} f5
{[%clk 0:00:26]} 34. Rba1 {[%clk 0:00:38]} Rdd7 {[%clk 0:00:24]} 35. Kh3
{[%clk 0:00:28]} Kh6 {[%clk 0:00:23]} 36. g4 {[%clk 0:00:20]} Rc2
{[%clk 0:00:18]} 37. g5+ {[%clk 0:00:18]} Kg7 {[%clk 0:00:12]} 38. Rxa7
{[%clk 0:00:19]} Rcc7 {[%clk 0:00:11]} 39. Rxc7 {[%clk 0:00:20]} Rxc7
{[%clk 0:00:12]} 40. Kg3 {[%clk 0:00:20]} Kf7 {[%clk 0:00:09]} 41. f3
{[%clk 0:00:18]} exf3 {[%clk 0:00:10]} 42. Kxf3 {[%clk 0:00:19]} Re7
{[%clk 0:00:11]} 43. Ra6 {[%clk 0:00:19]} Re4 {[%clk 0:00:10]} 44. Ra7+
{[%clk 0:00:20]} Kg8 {[%clk 0:00:12]} 45. Ra8+ {[%clk 0:00:21]} Kg7
{[%clk 0:00:13]} 46. Ra7+ {[%clk 0:00:22]} Kg8 {[%clk 0:00:15]} 47. Kxe4 1/2-1/2